000 00475nam a2200181Ia 4500
003 IN-BaIIA
008 211028s9999 xx 000 0 eng d
040 _cIIA Library
080 _a533
_bSMI
100 _aSmirnov, B. M
_914095
245 0 _aIntroduction to plasma physics
_cB.M. Smirnov
260 _aMoscow
_bMIR Publishers
_c1977
300 _a174p.
650 _aIdeal Plasma
_925912
650 _aPlasma Physics
_93732
650 _aSpace Plasma
_915003
942 _cBK
999 _c14565
_d14565